Instrumenty zarzadzania wspólczesnym przedsiebiorstwem

Saved in:
Bibliographic Details
Other Authors: Mendel, Tadeusz
Format: Book
Language:Polish
Published: Poznan Akademia Ekonomiczna w Poznaniu 1995
Edition:1. wyd.
Series:Zeszyty naukowe Zeszyt 236
Subjects:
Tags: Add Tag
No Tags, Be the first to tag this record!

MARC

LEADER 00000nam a2200000 4500
001 c013145
005 20250509102644.8
041 0 |a pol 
044 |a PL 
245 1 0 |a Instrumenty zarzadzania wspólczesnym przedsiebiorstwem  |c Red. Tadeusz Mendel 
250 |a 1. wyd. 
264 1 |a Poznan  |b Akademia Ekonomiczna w Poznaniu  |c 1995 
300 |a 112 s. 
490 1 |a Zeszyty naukowe  |v Zeszyt 236 
830 0 |a Zeszyty naukowe  |v Zeszyt 236 
610 2 0 |a podnik 
610 2 0 |a riadenie 
610 2 0 |a firmy 
610 2 0 |a služby 
610 2 0 |a podnikanie 
610 2 0 |a rozvoj podniku 
610 2 0 |a stratégia podniková 
610 2 0 |a štruktúra organizačná 
610 2 0 |a manažéri 
610 2 0 |a hospodárstvo trhové 
610 2 0 |a Poľsko 
700 1 |a Mendel, Tadeusz